Satyahariścandra. (Record no. 74803)
[ view plain ]
| 000 -LEADER | |
|---|---|
| fixed length control field | 00817cam a22002651 4500 |
| 001 - CONTROL NUMBER | |
| control field | sa 67004844 |
| 003 - CONTROL NUMBER IDENTIFIER | |
| control field | DLC |
| 005 - DATE AND TIME OF LATEST TRANSACTION | |
| control field | 20260227112351.0 |
| 008 - FIXED-LENGTH DATA ELEMENTS--GENERAL INFORMATION | |
| fixed length control field | 890614s1961 ii ch b 000 0 hino |
| 010 ## - LIBRARY OF CONGRESS CONTROL NUMBER | |
| LC control number | sa 67004844 |
| 035 ## - SYSTEM CONTROL NUMBER | |
| System control number | (OCoLC)19869473 |
| 040 ## - CATALOGING SOURCE | |
| Original cataloging agency | DLC |
| Transcribing agency | WaU |
| Modifying agency | DLC |
| 042 ## - AUTHENTICATION CODE | |
| Authentication code | premarc |
| 050 00 - LIBRARY OF CONGRESS CALL NUMBER | |
| Classification number | PK2097.H3 |
| Item number | S29 |
| 100 0# - MAIN ENTRY--PERSONAL NAME | |
| Personal name | Hariścandra, |
| Titles and words associated with a name | Bhāratendu, |
| Dates associated with a name | 1850-1885. |
| 245 10 - TITLE STATEMENT | |
| Title | Satyahariścandra. |
| 260 ## - PUBLICATION, DISTRIBUTION, ETC. | |
| Date of publication, distribution, etc. | [1961 or 2] |
| 300 ## - PHYSICAL DESCRIPTION | |
| Extent | 2, 109, 94, 15 p. |
| Other physical details | facsims., port. |
| Dimensions | 19 cm. |
| 500 ## - GENERAL NOTE | |
| General note | Based on Kṣemiśvara's Caṇḍakauśika. |
| 500 ## - GENERAL NOTE | |
| General note | In Hindi. |
| 504 ## - BIBLIOGRAPHY, ETC. NOTE | |
| Bibliography, etc. note | Bibliographical footnotes. |
| 700 0# - ADDED ENTRY--PERSONAL NAME | |
| Personal name | Kṣemīśvara. |
| Title of a work | Caṇḍakauśika. |
| 700 0# - ADDED ENTRY--PERSONAL NAME | |
| Personal name | Wajid ʻAli Shah, |
| Titles and other words associated with a name | King of Oudh, |
| Dates associated with a name | 1821-1896. |
| Title of a work | Kissā Rādhā Kanhaiyā. |
| 700 1# - ADDED ENTRY--PERSONAL NAME | |
| Personal name | Miśra, Śivaprasāda, |
| Dates associated with a name | 1931- |
No items available.